The light within : (Record no. 78280)

MARC details
000 -LEADER
fixed length control field 00493nam a22001697a 4500
005 - DATE AND TIME OF LATEST TRANSACTION
control field 20130802111930.0
010 ## - LCCN (DPL NO)
LC control number ENG-108208
020 ## - INTERNATIONAL STANDARD BOOK NUMBER
Terms of availability 1000.00
International Standard Book Number 9789381523629
035 ## - SYSTEM CONTROL NUMBER
System control number EN-91741
037 ## - SOURCE OF ACQUISITION
Source of stock number/acquisition DBAD/PUB
100 ## - MAIN ENTRY--PERSONAL NAME
Personal name Das, Sipra
245 ## - TITLE STATEMENT
Title The light within :
Statement of responsibility, etc by Sipra Das
Remainder of title a different vision of life /
260 ## - PUBLICATION, DISTRIBUTION, ETC. (IMPRINT)
Place of publication, distribution, etc New Delhi
Name of publisher, distributor, etc Niyogi Books
Date of publication, distribution, etc 2013
270 ## - ADDRESS
Address D-78, Okhla Industrial Area, Phase-1
City New Delhi
Postal code 110020
300 ## - PHYSICAL DESCRIPTION
Extent 203p. :
Dimensions 25cm(Hb)
Other physical details ill.
942 ## - ADDED ENTRY ELEMENTS (KOHA)
Source of classification or shelving scheme Dewey Decimal Classification
Item type English Books
Call number suffix DAS
Holdings
Withdrawn status Lost status Not for loan Collection code Home library Current library Date acquired Source of acquisition Cost, normal purchase price Full call number Barcode Copy number Cost, replacement price Koha item type
    Not For Loan Non-fiction D.B.Act.Division D.B.Act.Division 01/08/2013 DBAD/PUB 1000.00 DAS EN-91741 1 1000.00 English Books

© Delhi Public Library
Hit Counter
free hit counter